Score 0/12 Timer 06:00
0 Plays Today
Hint Celebrity % Correct
SingerTom Jones
96.2%
ActorTommy Lee Jones
78.8%
ActressShirley Jones
53.8%
Record producerQuincy Jones
53.3%
AnimatorChuck Jones
36.4%
ActressJennifer Jones
29.9%
Jazz singerJack Jones
19.6%
Musician and bandleader Spike Jones
19.6%
ActorAllan Jones
13.6%
ActorBuck Jones
11.4%
ActorDick Jones
10.3%
ActorGordon Jones
9.8%

You're not logged in!

Compare scores with friends on all Sporcle quizzes.
OR
Log In

Sporcle TV

Today on Sporcle TV


Watch our educational content, quiz creation guides, and fun videos on Sporcle TV.

Show Comments

Extras

Top Quizzes Today


Score Distribution

Paid Content

Your Account Isn't Verified!

In order to create a playlist on Sporcle, you need to verify the email address you used during registration. Go to your Sporcle Settings to finish the process.

Report this User

Report this user for behavior that violates our Community Guidelines.

Details: